|
|
|
|
| LEADER |
00000nam0a2200000 4500 |
| 001 |
300992 |
| 005 |
20231102001346.0 |
| 020 |
|
|
|a RU
|b 82-90948
|
| 035 |
|
|
|a (RuTPU)RU\TPU\book\326145
|
| 090 |
|
|
|a 300992
|
| 100 |
|
|
|a 20150721d1982 km y0rusy5003 ca
|
| 101 |
0 |
|
|a rus
|
| 102 |
|
|
|a RU
|
| 105 |
|
|
|a a z 000zy
|
| 200 |
1 |
|
|a Диспетчерская централизация системы "Луч"
|f Н. Ф. Пенкин, Н. А. Павлов
|
| 210 |
|
|
|a Москва
|c Транспорт
|d 1982
|
| 215 |
|
|
|a 303 с.
|c схем.
|
| 606 |
1 |
|
|a Железнодорожная сигнализация
|x Централизация и блокировка
|x Эксплуатация зимняя
|2 stltpush
|3 (RuTPU)RU\TPU\subj\10385
|9 37468
|
| 610 |
1 |
|
|a железные дороги
|
| 610 |
1 |
|
|a диспетчеризация
|
| 610 |
1 |
|
|a диспетчерская связь
|
| 610 |
1 |
|
|a диспетчерские службы
|
| 610 |
1 |
|
|a характеристики
|
| 610 |
1 |
|
|a аппаратура
|
| 610 |
1 |
|
|a бесконтактная аппаратура
|
| 610 |
1 |
|
|a проектирование
|
| 610 |
1 |
|
|a релейно-монтажная аппаратура
|
| 675 |
|
|
|a 656.25
|z rus
|v 3
|
| 700 |
|
1 |
|a Пенкин
|b Н. Ф.
|g Николай Федорович
|4 070
|
| 701 |
|
1 |
|a Павлов
|b Н. А.
|g Николай Александрович
|4 070
|
| 801 |
|
0 |
|a RU
|b RuMRKP
|c 19950704
|g psbo
|
| 801 |
|
1 |
|a RU
|b 63413507
|c 20150721
|
| 801 |
|
2 |
|a RU
|b 63413507
|c 20160714
|g RCR
|
| 942 |
|
|
|c BK
|